Socorro diez: libro pesadillesco
-д хадгалсан:
| Үндсэн зохиолч: | |
|---|---|
| Формат: | Ном |
| Хэл сонгох: | испани |
| Хэвлэсэн: |
Bogotá
Norma
1994
|
| Цуврал: | Colección Torres de Papel
|
| Нөхцлүүд: | |
| Шошгууд: |
Шошго нэмэх
Шошго байхгүй, Энэхүү баримтыг шошголох эхний хүн болох!
|
MARC
| LEADER | 00000nam a2200000 a 4500 | ||
|---|---|---|---|
| 001 | UCH6647 | ||
| 003 | CL-VaPUC | ||
| 008 | 091109e19940000CK |||||||||||||||||spa|d | ||
| 020 | |a 9580427763 | ||
| 082 | 0 | 4 | |a Ar863 |b BOR |2 21 |
| 100 | |a Bornemann, Elsa |e author |9 545133 | ||
| 245 | 1 | 0 | |a Socorro diez: libro pesadillesco |
| 246 | 1 | 0 | |a En punta de pies |
| 246 | 1 | 0 | |a Tatuajes |
| 246 | 1 | 0 | |a Craucasach |
| 246 | 1 | 3 | |a La Baby-sitter |
| 246 | 1 | 0 | |a Extraterrestre |
| 246 | 1 | 3 | |a El caviar de los dioses |
| 246 | 1 | 0 | |a Socorro diez |
| 246 | 1 | 4 | |a Las tres campanas |
| 246 | 1 | 3 | |a La historia más tremebunda |
| 246 | 1 | 0 | |a Supongamos que se llamaba Olhydra |
| 246 | 1 | 3 | |a La mudanza |
| 246 | 1 | 3 | |a La piel de otro |
| 300 | |a 240 p | ||
| 942 | |c BK | ||
| 945 | |d 20091109 00:00:00 |a lazolas | ||
| 260 | |a Bogotá |b Norma |c 1994 | ||
| 500 | |a Destinados a niños desde 11 años | ||
| 650 | 0 | |a Literatura argentina |9 320596 | |
| 650 | 0 | |a Cuentos infantiles argentinos |9 308508 | |
| 650 | 7 | |a CUENTOS ARGENTINOS |2 CL-VaPUC |9 543299 | |
| 583 | |a last modification |c 20091109 00:00:00 |k Rodrigo Vera | ||
| 490 | 0 | |a Colección Torres de Papel | |
| 999 | |c 337496 |d 337494 | ||